Requiem pour un empire defunt : histoire de la destruction de l'Autriche-Hongrie

Αποθηκεύτηκε σε:
Λεπτομέρειες βιβλιογραφικής εγγραφής
Κύριος συγγραφέας: Fejto, Francois 1909-
Μορφή: Βιβλίο
Γλώσσα:French
Δημοσίευση: Paris : Lieu Commun, 1994
Θέματα:
Ετικέτες: Προσθήκη ετικέτας
Δεν υπάρχουν, Καταχωρήστε ετικέτα πρώτοι!

MARC

LEADER 00000nam a2200000 i 4500
001 1/16920
008 980827s1994 fre d
020 |a 2-86705-185-1 
035 |l 10020370 
040 |a GR-MY-UA  |b gre  |e aacr 
041 0 |a fre 
082 0 |a 943.604 
100 1 |a Fejto, Francois  |d 1909- 
245 1 0 |a Requiem pour un empire defunt :  |b histoire de la destruction de l'Autriche-Hongrie /  |c Francois Fejto 
260 |a Paris :   |b Lieu Commun,   |c 1994 
300 |a 447 p. 
504 |a Includes bibliographical references 
651 0 |a Austria  |x History  |y 1867-1918. 
651 0 |a Austria  |x History  |x Autonomy and independence movements. 
852 |a INST  |b LESVOS  |e 19980827  |h 943.604 FEJ  |p 005100013366  |q 005100013366  |t BK  |y 0 
901 |a BIBL-1998-2 
909 |a Λ  |b 044975 
922 |a 1ΔΩΡ  |b 199604  |c ΤΚΑ